000 00795nam a2200253Ia 4500
003 OSt
005 20220918170847.0
006 a|||||r|||| 00| 0
007 ta
008 220917b |||||||| |||| 00| 0 eng d
020 _a9780748615599 (pbk)
_c1529.03
024 _a241,326
037 _b09-08225, 16/12/2009, Atlantic Publisher & Dist.Pvt.Ltd.
_cTextual
040 _aARTS
_cARTS
_beng
041 _2eng
_aeng
082 _aW94, P9
100 _aHarris Erika
_931768
245 0 _aNationalism
_b Theories and cases
260 _aEdinburgh
_bEdinburgh University Press
_c2009
300 _aix,214p.
_ccm.
650 _aPOLITICAL SCIENCE
942 _hW94, P9
_cTEXL
_2CC
999 _c136289
_d136289